| 000 | 01055nam a2200253Ia 4500 | ||
|---|---|---|---|
| 999 |
_c55183 _d55183 |
||
| 001 | 22258 | ||
| 003 | GE_BSU | ||
| 005 | 20190501153740.0 | ||
| 008 | 181216s2013||||ge |||||||||||||| ||geo|| | ||
| 020 | _a9789941061653 | ||
| 040 | _cGE_BSU | ||
| 041 | _ageo | ||
| 080 | _a1(4)(09) ბ-95 | ||
| 100 |
_aბუაჩიძე, თამაზ _9389 |
||
| 245 |
_aთანამედროვე დასავლური ფილოსოფიის სათავეებთან / _cთამაზ ბუაჩიძე ; რედ. ანდრო ბუაჩიძე. |
||
| 264 |
_aთბილისი : _bCarpe diem, _c2013. |
||
| 300 |
_a364 გვ. ; _b20 სმ. |
||
| 300 | _e | ||
| 653 | _aფილოსოფია | ||
| 653 | _aდასავლური ფილოსოფია | ||
| 653 | _aთანამედროვე დასავლური ფილოსოფია | ||
| 700 |
_aალადაშვილი, ალექსანდრე _eრედაქტორი _9224 |
||
| 942 |
_cBK _2udc |
||